000 01555cam a22004814i 4500
003 PE-LiUPU
005 20250731184543.0
008 150623s1988 ilua r 000 0 eng d
020 _a0881333476
035 _a(Sirsi) i9780881333473
040 _aPE-LiUPU
_bspa
_cPE-LiUPU
_erda
049 _aPRUA
082 0 4 _a960
_bB68
_221
100 1 _aBohannan, Paul,
_eautor.
245 1 0 _aAfrica and Africans /
_cPaul Bohannan.
250 _aTercera edición.
264 1 _aProspect Heights, Illinois :
_bWaveland Press,
_c1988.
300 _a432 páginas :
_bilustraciones ;
_c21 centímetros
336 _atext
_2rdacontent
337 _aunmediated
_2rdamedia
338 _avolume
_2rdacarrier
505 0 _aAfrican background -- African institutions -- African history -- Epilogue.
526 _aP136
526 _aP135
526 _aP134
526 _aP133
526 _aP144
526 _aP143
526 _aP87
526 _aP35
526 _aP20
526 _aP14
526 _aP10
526 _aP06
650 1 4 _aAfrica
_xCivilización.
650 2 4 _aAfrica
_xHistoria.
942 _2ddc
_cBOOK
949 _a960 B68
_wDEWEY
_c1
_i52199
_lCCODEBUL1
_mBUL
_p5.00
_r0
_sY
_tBOOK
_u2015-6-24
_xTEOLOGIA
_PP35
_0COMPRA
_o.STAFF. Colección General
994 _aC0
_bPEPRU
596 _a1
999 _a960 B68
_wDEWEY
_c34010
_i52199
_f2021-11-11
_g5
_lCCODEBUL1
_mBUL
_p5.00
_r0
_sY
_tBOOK
_u2015-6-24
_xTEOLOGIA
_PP35
_0COMPRA
_o.STAFF. Colección Teología
_d34010
980 _81
_gALBERTO SANCHEZ Responsable de Automatización